Coastal aquaculture; វារីវប្បកម្មតំបន់ឆ្នេ (Record no. 8909)
[ view plain ]
| 000 -LEADER | |
|---|---|
| fixed length control field | 00323nam a22001217a 4500 |
| 040 ## - CATALOGING SOURCE | |
| Transcribing agency | SK |
| 082 ## - DEWEY DECIMAL CLASSIFICATION NUMBER | |
| Classification number | 639 |
| 100 ## - MAIN ENTRY--AUTHOR NAME | |
| Personal name | គី វណ្ណារិទ្ធ |
| 245 ## - TITLE STATEMENT | |
| Title | Coastal aquaculture; វារីវប្បកម្មតំបន់ឆ្នេ |
| 260 ## - PUBLICATION, DISTRIBUTION, ETC. (IMPRINT) | |
| Place of publication | RUA |
| Name of publisher | គី |
| Year of publication | 2000 |
| 300 ## - PHYSICAL DESCRIPTION | |
| Number of Pages | 71p. |
| 942 ## - ADDED ENTRY ELEMENTS (KOHA) | |
| Koha item type | សៀវភៅភាសាខ្មែរ |
| 952 ## - LOCATION AND ITEM INFORMATION (KOHA) | |
| Withdrawn status [LOCAL, KOHA] | 0 |
| Koha item type | Barcode | Lost status | Permanent Location | Current Location | Date acquired | Full call number |
|---|---|---|---|---|---|---|
| សៀវភៅភាសាខ្មែរ | RUA43861 | Library Block C | Library Block C | 2016-08-19 | 639 គី 2000 |